ভিসেন্তি আলেকজান্ডার : (Record no. 47791)
[ view plain ]
| 000 -LEADER | |
|---|---|
| fixed length control field | 00864nam a2200229 a 4500 |
| 001 - CONTROL NUMBER | |
| control field | 47791 |
| 003 - CONTROL NUMBER IDENTIFIER | |
| rucl marc code | BD-RjUL |
| 005 - DATE AND TIME OF LATEST TRANSACTION | |
| control field | 20211209054408.0 |
| 008 - FIXED-LENGTH DATA ELEMENTS--GENERAL INFORMATION | |
| fixed length control field | 160810s1983 bg ||||| |||| 00| 0 ben d |
| 020 ## - INTERNATIONAL STANDARD BOOK NUMBER | |
| Terms of availability | : Tk.25.00 |
| 035 ## - SYSTEM CONTROL NUMBER | |
| System control number | (BD-RjUL)47910 |
| 040 ## - CATALOGING SOURCE | |
| Original cataloging agency | BD-RjUL |
| Language of cataloging | ben |
| Transcribing agency | BD-RjUL |
| Modifying agency | BD-RjUL |
| 041 ## - LANGUAGE CODE | |
| Language code of text/sound track or separate title | ben |
| 082 ## - DEWEY DECIMAL CLASSIFICATION NUMBER | |
| Edition number | 23 |
| Classification number | 861 |
| Author mark and year | VIS 1983 |
| 245 00 - TITLE STATEMENT | |
| Title | ভিসেন্তি আলেকজান্ডার : |
| Remainder of title | তাঁর কবিতা / |
| Statement of responsibility, etc. | জাহাঙ্গীর চৌধুরী অনূদিত |
| 260 ## - PUBLICATION, DISTRIBUTION, ETC. (IMPRINT) | |
| Place of publication, distribution, etc. | ঢাকা : |
| Name of publisher, distributor, etc. | কপোতাক্ষি, |
| Date of publication, distribution, etc. | ১৯৮৩. |
| 300 ## - PHYSICAL DESCRIPTION | |
| Pagination | ৫৩ পৃ. ; |
| Size | ২৫ সেমি. |
| 650 ## - SUBJECT ADDED ENTRY--TOPICAL TERM | |
| Topical term or geographic name as entry element | স্প্যানিশ কবিতা |
| 9 (RLIN) | 145097 |
| Topical term or geographic name as entry element | Spanish Poetry |
| 9 (RLIN) | 145098 |
| 700 ## - ADDED ENTRY--PERSONAL NAME | |
| Personal name | চৌধুরী, জাহাঙ্গীর অনূদিত |
| 942 ## - ADDED ENTRY ELEMENTS (KOHA) | |
| Source of classification or shelving scheme | Dewey Decimal Classification |
| Koha item type | Books |
| Lost status | Source of classification or shelving scheme | Damaged status | Not for loan | Collection code | Permanent Location | Current Location | Shelving location | Date acquired | Source of acquisition | Cost, normal purchase price | Total Checkouts | Full call number | Date last seen | Copy number | Koha item type |
|---|---|---|---|---|---|---|---|---|---|---|---|---|---|---|---|
| Dewey Decimal Classification | Non-fiction | Central Library, University of Rajshahi | Central Library, University of Rajshahi | 07/04/1984 | Books | 25.00 | B 861 VIS 1983 | 10/08/2016 | C-2 | Books | |||||
| Dewey Decimal Classification | Non-fiction | Central Library, University of Rajshahi | Central Library, University of Rajshahi | 29/01/1989 | B 861 VIS 1983 | 03/11/2016 | C-3 | Books |